Japanalia : Past and present
This book consists of thw following many parts: the Japanese zodiac, festivals, gods, demons and goblins, summer spine chilling, the honourable monkey, scarecrows, bookplates, old highways, ships and early maritine trade, kisery and smoking...
Gorde:
| Egile nagusia: | |
|---|---|
| Formatua: | Liburua |
| Hizkuntza: | Undetermined |
| Argitaratua: |
Tokyo, Japan
The Japan Times
1967
|
| Etiketak: |
Etiketa erantsi
Etiketarik gabe, Izan zaitez lehena erregistro honi etiketa jartzen!
|
| Thư viện lưu trữ: | Trung tâm Học liệu Trường Đại học Cần Thơ |
|---|
| LEADER | 00713nam a2200193Ia 4500 | ||
|---|---|---|---|
| 001 | CTU_113166 | ||
| 008 | 210402s9999 xx 000 0 und d | ||
| 082 | |a 915.2 | ||
| 082 | |b B978/Vol.1 | ||
| 100 | |a Bush, Lewis | ||
| 245 | 0 | |a Japanalia : | |
| 245 | 0 | |b Past and present | |
| 245 | 0 | |c Lewis Bush | |
| 260 | |a Tokyo, Japan | ||
| 260 | |b The Japan Times | ||
| 260 | |c 1967 | ||
| 520 | |a This book consists of thw following many parts: the Japanese zodiac, festivals, gods, demons and goblins, summer spine chilling, the honourable monkey, scarecrows, bookplates, old highways, ships and early maritine trade, kisery and smoking... | ||
| 904 | |i Minh | ||
| 980 | |a Trung tâm Học liệu Trường Đại học Cần Thơ | ||